000 00632nam a2200217 a 4500
001 BRCA_7421
005 20190320205829.0
008 040413s1910----mx-a######---#000-0#spa-#
041 _aspa
044 _amx
050 4 _aF1219
_b.B38 1910
100 1 _aBatres, Leopoldo
_918291
245 1 0 _aAntigüedades mejicanas falsificadas
_bfalsificación y falsificadores
_cpor Leopoldo Batres.
260 _aMéxico
_bImp. de F. S. Soria
_c1910
300 _a30 p.
_bil., 63 láminas
500 _aQ157
650 1 4 _aFalsificación de antigüedades
_918292
651 4 _aMéxico
_xAntigüedades
_92765
902 _aGFM
942 _2lcc
_cB
999 _c7097
_d7097